000 00885nam a22002657a 4500
001 7737
003 FISKH
005 20250801150357.0
008 250801b cb ||||| |||| 00| 0 eng d
040 _aFISKH
_beng
_cFISKH
_dFISKH
050 _aPZ8.J263 C
082 _a813.54
100 _aJanovitz, Marilyn
245 _aCan I help? /
_cby Marilyn Janovitz
250 _aThis edition published in 1998
260 _aNew York :
_bNorth-South Books,
_c1996
300 _a24 unnumbered pages :
_bcolor illustrations ;
_c24 cm
505 _aD
520 _aA little wolf's father gratefully accepts his son's offer to work with him in the garden, even though the cub is sometimes more of a hinderance than a help.
521 8 _a290
_bLexile estimate
521 8 _aD
_bRaz-Plus
650 _aBehavior
_vGardening
_xChild Life
942 _2ddc
_cBK
_n0
999 _c7737
_d7737